000 00326nam a22001337a 4500
008 170928b xxu||||| |||| 00| 0 eng d
020 _a2900205446185
041 _aeng
080 _25 ED
_a37
100 _a47
101 _aEDU
245 _aFIELD INSTRUCTION AGUIDE SOCIAL WORK STUDENT
_cROYSE.D
942 _2udc
_cBK
999 _c30457
_d30457